[Event "FIDE World Rapid Team"]
[Site "Almaty KAZ"]
[Date "2024.08.04"]
[Round "10.47"]
[White "Amangeldinov, Alkey"]
[Black "Semenov, Miroslav"]
[Result "1-0"]
[WhiteElo "1721"]
[BlackElo "1512"]
[WhiteTeam "KRG-Team"]
[BlackTeam "Chessacademy_pvl"]
[WhiteFideId "13770268"]
[BlackFideId "447010525"]
[EventDate "2024.08.02"]

1. d4 Nf6 2. c4 e5 3. dxe5 Ng4 4. Nf3 Nc6 5. Bf4 Bb4+ 6. Nc3 Qe7 7. e3 Ngxe5 8.
Nxe5 Nxe5 9. Be2 Bxc3+ 10. bxc3 d6 11. O-O O-O 12. Qb3 b6 13. Bxe5 Qxe5 14. Bf3
Rb8 15. Rfd1 Bb7 16. Bxb7 Rxb7 17. Rd4 Rbb8 18. Qb5 Rfe8 19. Rad1 Qxb5 20. cxb5
Re5 21. a4 Kf8 22. Rc4 Rc5 23. Rxc5 bxc5 24. Kf1 Ke7 25. Ke2 Ke6 26. Kd3 a6 27.
c4 axb5 28. cxb5 Ra8 29. Ra1 d5 30. Kc3 h6 31. a5 f5 32. Kb3 Kd6 33. Ka4 g6 34.
a6 g5 35. Ka5 c4 36. Kb4 Ra7 37. Rd1 c6 38. f3 Ra8 39. e4 fxe4 40. fxe4 cxb5 41.
Rxd5+ Kc6 42. Rc5+ Kd6 43. e5+ Ke6 44. Kxb5 Rb8+ 45. Kxc4 Ra8 46. Kb5 Rb8+ 47.
Kc6 Rb1 48. Rb5 Ra1 49. Kb7 Ra2 50. a7 Rb2 51. Rxb2 Kd5 1-0

[Event "FIDE World Rapid Team"]
[Site "Almaty KAZ"]
[Date "2024.08.04"]
[Round "10.48"]
[White "Sembay, Aisana"]
[Black "Zharkenova, Safiya"]
[Result "0-1"]
[WhiteElo "1527"]
[BlackElo "1424"]
[WhiteTeam "Chessacademy_pvl"]
[BlackTeam "KRG-Team"]
[WhiteFideId "13791281"]
[BlackFideId "13748890"]
[EventDate "2024.08.02"]

1. e4 e5 2. Nf3 Nc6 3. Bb5 a6 4. Ba4 Nf6 5. O-O b5 6. Bb3 Bc5 7. c3 d6 8. d4
exd4 9. cxd4 Bb6 10. Nc3 Bg4 11. Be3 Bxf3 12. Qxf3 Bxd4 13. Bg5 h6 14. Bh4 Ne5
15. Qe2 Bxc3 16. bxc3 Ned7 17. Bd5 Rb8 18. Qf3 O-O 19. Bc6 Ne5 20. Bxf6 Nxf3+ 0-1

[Event "FIDE World Rapid Team"]
[Site "Almaty KAZ"]
[Date "2024.08.04"]
[Round "11.1"]
[White "Carlsen, Magnus"]
[Black "Nihal, Sarin"]
[Result "1/2-1/2"]
[WhiteTitle "GM"]
[BlackTitle "GM"]
[WhiteElo "2832"]
[BlackElo "2668"]
[WhiteTeam "WR Chess Team"]
[BlackTeam "Ashdod Chess Club"]
[WhiteFideId "1503014"]
[BlackFideId "25092340"]
[EventDate "2024.08.02"]

1. d4 Nf6 2. c4 e6 3. Nf3 d5 4. Nc3 Bb4 5. Bg5 dxc4 6. a3 Bxc3+ 7. bxc3 h6 8.
Bh4 c5 9. e3 cxd4 10. cxd4 b5 11. a4 Bd7 12. Bxf6 Qxf6 13. axb5 Bxb5 14. Bxc4
Bxc4 15. Qa4+ Nd7 16. Qxc4 O-O 17. O-O Rfc8 18. Qa6 Rc7 19. Rfc1 Qd8 20. Rxc7
Qxc7 21. g3 Nb8 22. Qa4 Nd7 23. Qa6 Nb8 24. Qb5 Nd7 25. Kg2 a5 26. Nd2 Ra7 27.
Nb3 Rb7 28. Qxa5 Qc6+ 29. d5 Qxd5+ 30. Qxd5 exd5 31. Nd4 Nf6 32. Ra2 g6 33. h3
h5 34. Kf3 Kg7 35. g4 hxg4+ 36. hxg4 Ne4 37. Kf4 Re7 38. Rc2 Nf6 39. f3 Ne8 40.
Rc6 Nf6 41. Rd6 Rb7 42. Rd8 Re7 43. Nb5 Nh7 44. Nd6 Nf6 45. Nb5 Nh7 46. Nd4 Nf6
47. Rd6 Rb7 48. g5 Nh5+ 49. Kg4 Re7 50. Nc2 Rc7 51. Nd4 Re7 52. Nc2 Rc7 53. Nd4
Re7 1/2-1/2

[Event "FIDE World Rapid Team"]
[Site "Almaty KAZ"]
[Date "2024.08.04"]
[Round "11.3"]
[White "Praggnanandhaa, R"]
[Black "Alekseev, Evgeny"]
[Result "1-0"]
[WhiteTitle "GM"]
[BlackTitle "GM"]
[WhiteElo "2749"]
[BlackElo "2537"]
[WhiteTeam "WR Chess Team"]
[BlackTeam "Ashdod Chess Club"]
[WhiteFideId "25059530"]
[BlackFideId "4138147"]
[EventDate "2024.08.02"]

1. d4 Nf6 2. Bg5 e6 3. e4 h6 4. Bxf6 Qxf6 5. Nc3 Bb4 6. Qd3 d6 7. O-O-O Nd7 8.
g3 c6 9. a3 Ba5 10. e5 dxe5 11. Ne4 Qe7 12. dxe5 Nxe5 13. Nd6+ Kf8 14. Qd4 f6
15. f4 Bb6 16. Qc3 Ng4 17. Nf3 h5 18. Nxc8 Rxc8 19. Re1 Qc5 20. Bc4 Ne3 21. Bxe6
Qxc3 22. bxc3 Re8 23. f5 g5 24. h4 g4 25. Nd4 Nd5 26. Bxd5 cxd5 27. Ne6+ Kf7 28.
Rd1 Re7 29. Rxd5 Rc8 30. Kb2 Rc4 31. Re1 Bc7 32. Re3 Rc6 33. Red3 Bb6 34. Kb3
Bc7 35. c4 Rb6+ 36. Ka2 Be5 37. c3 Rbxe6 38. fxe6+ Kxe6 39. Kb3 Rc7 40. c5 Bxg3
41. Rxh5 Be5 42. Rh8 Kf5 43. h5 Ke4 44. Rd1 Rxc5 45. c4 b5 46. cxb5 Rxb5+ 47.
Kc4 Rb2 48. h6 Rc2+ 49. Kb5 g3 50. Rd7 Rh2 51. h7 f5 52. Re7 Kf4 53. Rg8 Bd4 54.
Rd7 Be5 55. Re7 Bd4 56. Kc4 Bf6 57. Rf7 Be5 58. Rxa7 Kf3 59. Ra5 Kf4 60. Ra7 Kf3
61. Re7 Ba1 62. Re1 Bb2 63. Rb1 Be5 64. Rf1+ Rf2 65. Re1 Bb2 66. Rb1 Be5 67.
Rb3+ Ke4 68. Rgxg3 Rc2+ 69. Kb5 Rh2 70. Rh3 1-0

[Event "FIDE World Rapid Team"]
[Site "Almaty KAZ"]
[Date "2024.08.04"]
[Round "11.5"]
[White "Kosteniuk, Alexandra"]
[Black "Khotenashvili, Bella"]
[Result "1/2-1/2"]
[WhiteTitle "GM"]
[BlackTitle "GM"]
[WhiteElo "2488"]
[BlackElo "2427"]
[WhiteTeam "WR Chess Team"]
[BlackTeam "Ashdod Chess Club"]
[WhiteFideId "4128125"]
[BlackFideId "13602640"]
[EventDate "2024.08.02"]

1. e4 c6 2. Nc3 d5 3. Nf3 g6 4. d4 Bg7 5. h3 Nh6 6. Bf4 dxe4 7. Nxe4 Qa5+ 8. Bd2
Qb6 9. Qc1 Nf5 10. c3 O-O 11. Bc4 Nd7 12. O-O c5 13. d5 Nd6 14. Nxd6 exd6 15.
Re1 Ne5 16. Nxe5 dxe5 17. a4 Qd6 18. Bh6 Bd7 19. Bxg7 Kxg7 20. Qe3 Rfe8 21. a5
f6 22. Qd2 b5 23. axb6 axb6 24. b3 b5 25. Bf1 h5 26. c4 b4 27. Qb2 h4 28. Bd3
Kf7 29. Rxa8 Rxa8 30. Ra1 Rxa1+ 31. Qxa1 f5 32. f3 g5 33. Qa7 Kf6 34. Qa8 Qe7
35. Qh8+ Kg6 36. Qg8+ Kf6 37. Qh8+ Kg6 38. Be2 Qg7 39. Qd8 e4 40. fxe4 fxe4 41.
Qb6+ Qf6 42. Qxc5 Qa1+ 43. Bf1 Qe5 44. Qb6+ Kf7 45. Qe3 Bf5 46. Be2 Qa1+ 47. Kf2
Qf6 48. Ke1 Qa1+ 49. Bd1 Kf6 50. Qb6+ Kg7 51. Qxb4 Qd4 52. Qb7+ Kh6 53. Qc6+ Bg6
54. Qd6 Qg1+ 55. Ke2 Qxg2+ 56. Ke1 e3 57. Qf8+ Kh7 58. Qe7+ Kh6 59. Qxe3 Qh1+
60. Kd2 Qh2+ 61. Kc3 Qa2 62. Bg4 Qa5+ 63. Kb2 Qc7 64. Qd4 Qh2+ 65. Ka3 Qd6+ 66.
c5 Qa6+ 67. Kb2 Qf1 68. c6 Qb1+ 69. Ka3 Qc1+ 70. Kb4 Qe1+ 71. Kb5 Qe8 72. d6
Qb8+ 73. Qb6 Qxd6 74. Qc5 Qb8+ 75. Ka4 Qa8+ 76. Kb4 Qb8+ 77. Ka3 Qa8+ 78. Kb2
Qh8+ 79. Qc3 Qf8 80. Qd4 Qb8 81. Qf6 Qh2+ 82. Ka3 Qb8 83. Bf5 Qa7+ 84. Kb4 Qb6+
85. Kc4 Qa6+ 86. Kb4 Qb6+ 87. Kc4 Qa6+ 88. Kb4 Qb6+ 1/2-1/2

[Event "FIDE World Rapid Team"]
[Site "Almaty KAZ"]
[Date "2024.08.04"]
[Round "11.7"]
[White "Maghsoodloo, Parham"]
[Black "Niemann, Hans Moke"]
[Result "1/2-1/2"]
[WhiteTitle "GM"]
[BlackTitle "GM"]
[WhiteElo "2723"]
[BlackElo "2711"]
[WhiteTeam "Al-Ain ACMG UAE"]
[BlackTeam "GMHans.com"]
[WhiteFideId "12539929"]
[BlackFideId "2093596"]
[EventDate "2024.08.02"]

1. c4 Nf6 2. Nf3 e6 3. b3 d5 4. Bb2 Bd6 5. g3 b6 6. Bg2 Bb7 7. O-O O-O 8. Nc3 a6
9. e3 Nbd7 10. Qe2 Re8 11. Rfd1 dxc4 12. bxc4 e5 13. d4 Qc8 14. e4 exd4 15. Nxd4
Nc5 16. f3 Bf8 17. Qc2 g6 18. Nd5 Nxd5 19. cxd5 Bg7 20. f4 Qd7 21. e5 Rad8 22.
Nb3 Bf8 23. Nxc5 Bxc5+ 24. Bd4 Bxd4+ 25. Rxd4 c5 26. Rd2 Rc8 27. h4 c4 28. Kh2
Rc5 29. Qc3 Qb5 30. d6 Bxg2 31. Kxg2 h5 32. Rad1 Qd7 33. Kh2 b5 34. a3 Rc6 35.
Rd5 Rcc8 36. Rf1 Qe6 37. Qd4 Rc6 38. Qd1 c3 39. Qd3 c2 40. Rc1 Rec8 41. Qe4 Rc4
42. Rd4 Kf8 43. Qe3 Kg7 44. d7 Rd8 45. Rd6 Qf5 46. e6 Re4 47. Qc3+ Kh7 48. Qxc2
fxe6 49. Rd2 Rc4 50. Qd1 e5 51. Rxc4 bxc4 52. fxe5 c3 53. Re2 Rxd7 54. Qe1 Qd3
55. e6 Qxe2+ 56. Qxe2 Rd2 57. Qxd2 cxd2 58. e7 d1=Q 59. e8=Q Qc2+ 60. Kh3 Qf5+
61. Kg2 Qd5+ 62. Kg1 Qd4+ 63. Kg2 Qb2+ 64. Kh3 Qxa3 65. Qf7+ Kh6 66. Qf6 Kh7 67.
Qf7+ 1/2-1/2

[Event "FIDE World Rapid Team"]
[Site "Almaty KAZ"]
[Date "2024.08.04"]
[Round "11.8"]
[White "Tabatabaei, M. Amin"]
[Black "Artemiev, Vladislav"]
[Result "0-1"]
[WhiteTitle "GM"]
[BlackTitle "GM"]
[WhiteElo "2712"]
[BlackElo "2699"]
[WhiteTeam "GMHans.com"]
[BlackTeam "Al-Ain ACMG UAE"]
[WhiteFideId "12521213"]
[BlackFideId "24101605"]
[EventDate "2024.08.02"]

1. e4 e5 2. Nf3 Nc6 3. Bc4 Nf6 4. d3 Be7 5. O-O O-O 6. Nc3 d6 7. a4 a5 8. Re1 h6
9. h3 Re8 10. Ne2 Bf8 11. Ng3 Be6 12. Bxe6 Rxe6 13. c3 d5 14. Qb3 b6 15. Be3 Qd7
16. Rad1 Rd8 17. Qc2 g6 18. Qc1 Kh7 19. h4 Rd6 20. exd5 Rxd5 21. d4 exd4 22.
cxd4 Ng4 23. h5 g5 24. Qc2+ Kg8 25. Rc1 Nb4 26. Qb3 c5 27. dxc5 Nd3 28. c6 Nxc1
29. Rxc1 Qc7 30. Bxb6 Qf4 31. Rc4 Qxg3 32. Rc1 Qf4 33. Rf1 Qb4 34. Qxb4 Bxb4 35.
Bxd8 Rxd8 36. Rc1 Bd6 37. g3 Bc7 38. Kg2 Rd5 39. Rc4 Ne5 40. Nxe5 Rxe5 41. Kf3
Kf8 42. b3 Ke7 43. Rd4 Bd6 44. Re4 Ke6 45. Rc4 Rc5 46. Ke4 Rxc4+ 47. bxc4 Bc5
48. c7 f5+ 49. Kd3 Kd7 50. f3 Kxc7 51. g4 fxg4 52. fxg4 Kd6 0-1

[Event "FIDE World Rapid Team"]
[Site "Almaty KAZ"]
[Date "2024.08.04"]
[Round "11.9"]
[White "Andreikin, Dmitry"]
[Black "Hong, Andrew"]
[Result "1-0"]
[WhiteTitle "GM"]
[BlackTitle "GM"]
[WhiteElo "2729"]
[BlackElo "2572"]
[WhiteTeam "Al-Ain ACMG UAE"]
[BlackTeam "GMHans.com"]
[WhiteFideId "4158814"]
[BlackFideId "2099438"]
[EventDate "2024.08.02"]

1. Nf3 Nf6 2. g3 c5 3. Bg2 Nc6 4. c4 d5 5. cxd5 Nxd5 6. Nc3 g6 7. O-O Bg7 8.
Nxd5 Qxd5 9. d3 O-O 10. Be3 Qd6 11. Rc1 Bxb2 12. Rxc5 Bg7 13. Qb1 Bd7 14. Nd2 b6
15. Ne4 Qe6 16. Ng5 Qf6 17. Ne4 Qe6 18. Rc4 Rac8 19. Rfc1 Na5 20. Rc7 Nc6 21.
Rb7 Rfd8 22. h4 h6 23. a4 Be8 24. a5 bxa5 25. Nc5 Qf6 26. Bh3 e6 27. Ne4 Qe5 28.
Bf4 Qd4 29. Rc4 Qd5 30. Bg2 Qf5 31. Nd6 Rxd6 32. Bxd6 a4 33. Bxc6 Rxc6 34. Rb8
Rxd6 35. Rxe8+ Kh7 36. Rxa4 Rb6 37. Rb4 Ra6 38. Rf4 Qe5 39. d4 Qc7 40. h5 Rb6
41. Qe4 Qc1+ 42. Kh2 Rb1 43. Rxf7 Qg1+ 44. Kh3 Qf1+ 45. Kg4 Qxe2+ 46. Qxe2 gxh5+
47. Kh3 1-0

[Event "FIDE World Rapid Team"]
[Site "Almaty KAZ"]
[Date "2024.08.04"]
[Round "11.10"]
[White "Jacobson, Brandon"]
[Black "Murzin, Volodar"]
[Result "1/2-1/2"]
[WhiteTitle "GM"]
[BlackTitle "GM"]
[WhiteElo "2575"]
[BlackElo "2641"]
[WhiteTeam "GMHans.com"]
[BlackTeam "Al-Ain ACMG UAE"]
[WhiteFideId "30901561"]
[BlackFideId "44155573"]
[EventDate "2024.08.02"]

1. c4 c6 2. Nf3 d5 3. e3 Nf6 4. Qc2 e6 5. d4 Nbd7 6. b3 Ne4 7. Bd3 Bb4+ 8. Nbd2
f5 9. O-O O-O 10. a3 Bd6 11. a4 Qe7 12. Bb2 Rf6 13. Ne5 Rh6 14. f4 Nxd2 15. Qxd2
Nf6 16. Qc1 c5 17. dxc5 Bxc5 18. Bd4 b6 19. a5 dxc4 20. axb6 Bxd4 21. exd4 Bb7
22. Qxc4 Rc8 23. bxa7 Rxc4 24. a8=Q+ Rc8 25. Qa7 Nd5 26. g3 Rf6 27. Rfc1 Rff8
28. Rxc8 Rxc8 29. Bc4 Qb4 30. Qa5 Qe7 31. Qe1 h6 32. Ra7 Rc7 33. Nd3 Kh7 34. Nc5
Rxc5 35. dxc5 Qxc5+ 36. Qf2 Qb4 37. Ra1 Nf6 38. h3 Bd5 39. Rc1 Ba8 40. Kh2 Ne4
41. Qe3 Nd2 42. h4 Nxc4 43. Rxc4 Qb7 44. Qg1 Qxb3 45. Qc1 Be4 46. Rd4 Qf3 47.
Rd2 Bd5 48. Qe1 Qb3 49. Rf2 1/2-1/2

[Event "FIDE World Rapid Team"]
[Site "Almaty KAZ"]
[Date "2024.08.04"]
[Round "11.11"]
[White "Lagno, Kateryna"]
[Black "Salimova, Nurgyul"]
[Result "1/2-1/2"]
[WhiteTitle "GM"]
[BlackTitle "IM"]
[WhiteElo "2532"]
[BlackElo "2412"]
[WhiteTeam "Al-Ain ACMG UAE"]
[BlackTeam "GMHans.com"]
[WhiteFideId "14109336"]
[BlackFideId "2915138"]
[EventDate "2024.08.02"]

1. e4 d6 2. d4 Nf6 3. Nc3 e5 4. Nf3 Nbd7 5. Bc4 Be7 6. a4 O-O 7. O-O a5 8. h3 c6
9. Re1 exd4 10. Qxd4 Nc5 11. Be3 Ncxe4 12. Nxe4 d5 13. Nxf6+ Bxf6 14. Qf4 dxc4
15. Bc5 Re8 16. Bb6 Rxe1+ 17. Rxe1 Qf8 18. Bc5 Qd8 19. Bb6 Qf8 20. Bc5 Qd8 1/2-1/2

[Event "FIDE World Rapid Team"]
[Site "Almaty KAZ"]
[Date "2024.08.04"]
[Round "11.12"]
[White "Mero, Aghiad."]
[Black "Al Maamari, Wafia Darwish"]
[Result "1-0"]
[BlackTitle "WFM"]
[WhiteElo "1817"]
[BlackElo "1925"]
[WhiteTeam "GMHans.com"]
[BlackTeam "Al-Ain ACMG UAE"]
[WhiteFideId "7608420"]
[BlackFideId "9305734"]
[EventDate "2024.08.02"]

1. d4 Nf6 2. c4 e6 3. Nc3 d5 4. Bg5 Be7 5. e3 h6 6. Bh4 dxc4 7. Bxc4 c5 8. Nf3
O-O 9. O-O Nbd7 10. Rc1 cxd4 11. Qxd4 Nb6 12. Bb3 Qxd4 13. Nxd4 Bd7 14. Rfd1
Rac8 15. Ndb5 g5 16. Bg3 Bxb5 17. Nxb5 a6 18. Nd6 Bxd6 19. Bxd6 Rfd8 20. Be5
Rxd1+ 21. Rxd1 Nfd7 22. Bd4 Nc5 23. Bc2 Nd5 24. a3 Nd7 25. Bb3 N5f6 26. Kf1 Kf8
27. Ke2 Ke7 28. f3 Nc5 29. Rc1 Nfd7 30. Bd1 e5 31. Bc3 f6 32. Bd2 Rh8 33. Bc2 h5
34. Bf5 Rd8 35. f4 exf4 36. exf4 Ne6 37. Bxe6 Kxe6 38. fxg5 fxg5 39. Bxg5 Rg8
40. h4 Ne5 41. Rc7 Nf7 42. Re7+ Kd5 43. Rxf7 1-0

[Event "FIDE World Rapid Team"]
[Site "Almaty KAZ"]
[Date "2024.08.04"]
[Round "11.13"]
[White "Ding, Liren"]
[Black "Suleimen, Ergali"]
[Result "1-0"]
[WhiteTitle "GM"]
[BlackTitle "FM"]
[WhiteElo "2745"]
[BlackElo "2334"]
[WhiteTeam "Decade China Team"]
[BlackTeam "GMs Kazahhstan"]
[WhiteFideId "8603677"]
[BlackFideId "13724452"]
[EventDate "2024.08.02"]

1. d4 Nf6 2. c4 g6 3. Nc3 Bg7 4. e4 d6 5. Be2 O-O 6. Nf3 e5 7. O-O Bg4 8. d5 a5
9. Be3 Na6 10. Nd2 Bxe2 11. Qxe2 Nh5 12. g3 Qe8 13. Kh1 f5 14. exf5 gxf5 15. g4
Nf4 16. Qf3 fxg4 17. Qxg4 Kh8 18. Rg1 Qe7 19. Nde4 Bh6 20. Rg3 Rg8 21. Qf3 Raf8
22. Rag1 Rxg3 23. Qxg3 Nb4 24. Qg4 Nbd3 25. b3 b6 26. Rg3 Nc5 27. Nxc5 bxc5 28.
Ne4 a4 29. bxa4 Rb8 30. h3 Qf7 31. Kh2 Qg6 32. Qh4 1-0

[Event "FIDE World Rapid Team"]
[Site "Almaty KAZ"]
[Date "2024.08.04"]
[Round "11.15"]
[White "Yu, Yangyi"]
[Black "Assylov, Miras"]
[Result "1-0"]
[WhiteTitle "GM"]
[BlackTitle "FM"]
[WhiteElo "2703"]
[BlackElo "2300"]
[WhiteTeam "Decade China Team"]
[BlackTeam "GMs Kazahhstan"]
[WhiteFideId "8603820"]
[BlackFideId "13728873"]
[EventDate "2024.08.02"]

1. d4 Nf6 2. c4 e6 3. Nc3 Bb4 4. Nf3 O-O 5. Qc2 c5 6. a3 Bxc3+ 7. bxc3 Nc6 8. e4
d5 9. e5 Ne4 10. Bd3 cxd4 11. Bxe4 dxe4 12. Qxe4 h6 13. cxd4 Qa5+ 14. Bd2 Qa4
15. Rc1 Bd7 16. O-O Rac8 17. Qg4 Kh7 18. Qh4 f6 19. exf6 Rxf6 20. Ng5+ Kg8 21.
Ne4 Rg6 22. Nc5 Qxa3 23. Qe4 Be8 24. Nxe6 Qe7 25. Rfe1 Nd8 26. Nf4 Qxe4 27. Rxe4
Nc6 28. Rxe8+ Rxe8 29. Nxg6 Nxd4 30. Rb1 Rd8 31. Kf1 Nc6 32. Be3 b6 33. h4 Kf7
34. h5 Ke6 35. g4 Rb8 36. Ke2 Na5 37. Nf4+ Ke5 38. Nd3+ Ke6 39. c5 b5 40. Bf4
Rb7 41. c6 Re7 42. c7 1-0

[Event "FIDE World Rapid Team"]
[Site "Almaty KAZ"]
[Date "2024.08.04"]
[Round "11.16"]
[White "Petukhov, Alan"]
[Black "Wang, Yue"]
[Result "1/2-1/2"]
[BlackTitle "GM"]
[WhiteElo "2224"]
[BlackElo "2637"]
[WhiteTeam "GMs Kazahhstan"]
[BlackTeam "Decade China Team"]
[WhiteFideId "13731190"]
[BlackFideId "8601429"]
[EventDate "2024.08.02"]

1. Nf3 d5 2. d4 Nf6 3. g3 Bf5 4. Bg2 c6 5. O-O e6 6. Nh4 Be4 7. f3 Bg6 8. c3
Bxb1 9. Rxb1 c5 10. e4 cxd4 11. e5 Nfd7 12. f4 Be7 13. f5 Bxh4 14. fxe6 fxe6 15.
cxd4 Be7 16. Qg4 Qb6 17. Qxg7 Qxd4+ 18. Kh1 Rf8 19. Bg5 Nc6 20. Rxf8+ Nxf8 21.
Rf1 Qxe5 22. Bf6 Bxf6 23. Qxb7 Rb8 24. Qxc6+ Kf7 25. b3 Kg8 26. Qc5 Ng6 27. Qxa7
Rf8 28. a4 Be7 29. Rb1 Qe2 30. a5 Qc2 31. Qg1 Ne5 32. Qe1 Bd6 33. a6 Qf2 34.
Qxf2 Rxf2 35. Ra1 Rf8 36. Bh3 Bc5 37. Bxe6+ Kg7 38. Bxd5 Ba7 39. Rc1 Rd8 40.
Rc7+ Rd7 41. Rxd7+ Nxd7 42. b4 Kf6 43. Kg2 Ke5 44. Bc6 Nf6 45. Kf3 Bb6 46. h3 h6
47. Ke2 Ng8 48. Kf3 Ne7 49. Be4 Nc8 50. h4 Nd6 51. Bd3 Ba7 52. g4 Nf7 53. Bg6
Nd8 54. g5 hxg5 55. hxg5 Ne6 1/2-1/2

[Event "FIDE World Rapid Team"]
[Site "Almaty KAZ"]
[Date "2024.08.04"]
[Round "11.17"]
[White "Ju, Wenjun"]
[Black "Kaliakhmet, Elnaz"]
[Result "1-0"]
[WhiteTitle "GM"]
[BlackTitle "WFM"]
[WhiteElo "2563"]
[BlackElo "2137"]
[WhiteTeam "Decade China Team"]
[BlackTeam "GMs Kazahhstan"]
[WhiteFideId "8603006"]
[BlackFideId "13730169"]
[EventDate "2024.08.02"]

1. Nf3 d5 2. g3 Nf6 3. Bg2 Bf5 4. O-O e6 5. d3 c6 6. Nh4 Bg4 7. h3 Bh5 8. f4 Be7
9. Qe1 Nfd7 10. Nf3 Bxf3 11. Bxf3 O-O 12. e4 dxe4 13. dxe4 e5 14. Nd2 Na6 15.
Bg2 Qb6+ 16. Kh1 Rad8 17. Nc4 Qb5 18. b3 exf4 19. gxf4 Qh5 20. Bb2 Nac5 21. e5
f5 22. Kh2 Ne6 23. Rd1 Ndc5 24. Nd6 Bh4 25. Qe3 Kh8 26. Ba3 b6 27. Bxc6 g5 28.
fxg5 Bxg5 29. Qf3 Bf4+ 30. Kh1 Qxf3+ 31. Bxf3 Bxe5 32. Nc4 Bg7 33. Rxd8 Rxd8 34.
Bg2 f4 35. Bc1 Nd4 36. Bxf4 Nxc2 37. Ne5 Rf8 38. Nc6 a6 39. Bd6 Rxf1+ 40. Bxf1
Ne3 41. Bxc5 bxc5 42. Bxa6 Bc3 43. a4 Kg7 44. a5 Nd5 45. Bc4 Nc7 46. a6 Kf6 47.
a7 Bd2 48. Nb8 Ke7 49. Na6 Na8 50. Bd5 Nb6 51. a8=Q Nxa8 52. Bxa8 Kd6 53. Kg2 h6
54. Kf3 Ba5 55. Ke4 Bc3 56. Bd5 Bd2 57. Nb8 Bg5 58. Nc6 Bd2 59. Ne5 1-0

[Event "FIDE World Rapid Team"]
[Site "Almaty KAZ"]
[Date "2024.08.04"]
[Round "11.1"]
[White "Rapport, Richard"]
[Black "Makhnev, Denis"]
[Result "1-0"]
[WhiteTitle "GM"]
[BlackTitle "GM"]
[WhiteElo "2715"]
[BlackElo "2551"]
[WhiteTeam "Chessy"]
[BlackTeam "Astana-1"]
[WhiteFideId "738590"]
[BlackFideId "13707647"]
[EventDate "2024.08.02"]

1. Nf3 d5 2. g3 Nf6 3. Bg2 e6 4. O-O Be7 5. d3 b6 6. e4 dxe4 7. dxe4 Qxd1 8.
Rxd1 Bb7 9. Nc3 O-O 10. Nd4 Rd8 11. Bf4 Ne8 12. e5 Bxg2 13. Kxg2 c5 14. Nf3 Nc6
15. Ne4 f5 16. exf6 gxf6 17. g4 Nb4 18. Rxd8 Rxd8 19. Rc1 c4 20. Bd2 Nd5 21. Re1
Nec7 22. Nd4 Rd7 23. Nc6 a6 24. b3 b5 25. bxc4 bxc4 26. Rb1 Ba3 27. Rb7 Kg7 28.
g5 fxg5 29. Ne5 Rd8 30. Ba5 Rc8 31. Nxc4 Be7 32. Ncd6 Bxd6 33. Nxd6 1-0

[Event "FIDE World Rapid Team"]
[Site "Almaty KAZ"]
[Date "2024.08.04"]
[Round "11.2"]
[White "Urazayev, Arystanbek"]
[Black "Martirosyan, Haik M."]
[Result "1/2-1/2"]
[WhiteTitle "IM"]
[BlackTitle "GM"]
[WhiteElo "2466"]
[BlackElo "2667"]
[WhiteTeam "Astana-1"]
[BlackTeam "Chessy"]
[WhiteFideId "13709810"]
[BlackFideId "13306553"]
[EventDate "2024.08.02"]

1. e4 e5 2. Nf3 Nc6 3. Nc3 Nf6 4. d4 exd4 5. Nxd4 Bb4 6. Nxc6 bxc6 7. Bd3 d5 8.
Bd2 O-O 9. O-O Bxc3 10. Bxc3 dxe4 11. Bxf6 Qxf6 12. Bxe4 Bf5 13. Bxf5 1/2-1/2

[Event "FIDE World Rapid Team"]
[Site "Almaty KAZ"]
[Date "2024.08.04"]
[Round "11.3"]
[White "Vidit, Santosh Gujrathi"]
[Black "Zhalmakhanov, Ramazan"]
[Result "1-0"]
[WhiteTitle "GM"]
[BlackTitle "IM"]
[WhiteElo "2720"]
[BlackElo "2497"]
[WhiteTeam "Chessy"]
[BlackTeam "Astana-1"]
[WhiteFideId "5029465"]
[BlackFideId "13706357"]
[EventDate "2024.08.02"]

1. d4 d5 2. c4 e6 3. Nf3 Nf6 4. Nc3 c6 5. e3 Nbd7 6. Be2 b6 7. O-O Bb7 8. b3 Bb4
9. Bb2 O-O 10. Bd3 Qe7 11. a3 Bd6 12. Re1 dxc4 13. bxc4 c5 14. d5 exd5 15. Nxd5
Bxd5 16. cxd5 a6 17. a4 Ne5 18. e4 Rfe8 19. Bxe5 Bxe5 20. Rb1 Nd7 21. g3 Bc3 22.
Re3 Qf6 23. Kg2 g6 24. Re2 Re7 25. h4 h6 26. Bc4 g5 27. hxg5 hxg5 28. d6 g4 29.
Nh2 Ree8 30. Nxg4 Qg6 31. Qd5 Bg7 32. f3 Rad8 33. Bxa6 Ne5 34. Rxb6 Nxg4 35.
fxg4 Re5 36. Qd3 Re6 37. Bc4 Rexd6 38. Rxd6 Rxd6 39. Bd5 Bd4 40. Rd2 Qh7 41. g5
Qh5 42. Qf3 Qg6 43. a5 Ra6 44. Ra2 Be5 45. Bc4 Ra7 46. Qf5 Qd6 47. g6 Qd4 48.
gxf7+ Kf8 49. Qc8+ 1-0

[Event "FIDE World Rapid Team"]
[Site "Almaty KAZ"]
[Date "2024.08.04"]
[Round "11.4"]
[White "Kamalidenova, Meruert"]
[Black "Erdogmus, Yagiz Kaan"]
[Result "1-0"]
[WhiteTitle "IM"]
[BlackTitle "IM"]
[WhiteElo "2352"]
[BlackElo "2599"]
[WhiteTeam "Astana-1"]
[BlackTeam "Chessy"]
[WhiteFideId "13712802"]
[BlackFideId "44599790"]
[EventDate "2024.08.02"]

1. e4 c5 2. c3 Nf6 3. e5 Nd5 4. d4 cxd4 5. cxd4 d6 6. Nf3 Nc6 7. Bc4 Nb6 8. Bb5
dxe5 9. Nxe5 Bd7 10. Nc3 e6 11. O-O Be7 12. Qg4 Bf6 13. Ne4 Nxe5 14. Nd6+ Kf8
15. dxe5 Bxe5 16. Nxf7 Kxf7 17. Qh5+ g6 18. Qxe5 Bxb5 19. Bh6 Qf6 20. Qxb5 Qf5
21. Qe2 Rac8 22. Rad1 Nd5 23. Rd3 Qh5 24. Rf3+ Ke7 25. Qd2 Rc6 26. Qd4 Rg8 27.
Bf8+ Ke8 28. Qxa7 Qxf3 29. gxf3 Rxf8 30. Qb8+ Ke7 31. Qxb7+ Rc7 32. Qb3 Rf5 33.
Re1 Nf4 34. a4 Rg5+ 35. Kf1 Kf7 36. Qb6 Rgc5 37. a5 Rc2 38. a6 Nd3 39. a7 Nxe1
40. Kxe1 Rc1+ 41. Kd2 R1c2+ 42. Kd3 R2c5 43. a8=Q Rd7+ 44. Ke3 Re5+ 45. Qe4 1-0

[Event "FIDE World Rapid Team"]
[Site "Almaty KAZ"]
[Date "2024.08.04"]
[Round "11.6"]
[White "Naimanov, Rinat"]
[Black "Ainakul, Mukhtar"]
[Result "0-1"]
[WhiteElo "1749"]
[BlackElo "1935"]
[WhiteTeam "Astana-1"]
[BlackTeam "Chessy"]
[WhiteFideId "13785109"]
[BlackFideId "13727354"]
[EventDate "2024.08.02"]

1. e4 g6 2. d4 Bg7 3. Nc3 d6 4. Be3 a6 5. Qd2 b5 6. O-O-O Bb7 7. f3 Nd7 8. h4 h5
9. Nh3 b4 10. Ne2 c5 11. Ng5 Ngf6 12. e5 cxd4 13. e6 O-O 14. exd7 dxe3 15. Qxe3
Qxd7 16. Kb1 Rac8 17. Nc1 Nd5 18. Qb3 Rc3 0-1